01283nam a2200157 a 4500008004100000020001800041041000800059100002900067245007200096250001100168260003100179300001100210500010700221520078200328655001501110011117t2013 ck a|||g |||| 000 1 spa d a9789588727752 aspa1 aGarcía Márquez, Aida aGabito, el niño que soñó a Macondo /cAida García Márquez a1a ed. aColombia:bGrupo Z;c2013. a159 p. aGarcía Márquez, A. (2013). Gabito, el niño que soñó a Macondo. (1a ed.). Colombia : Grupo Z. aLa infancia es una patria, dijo un poeta. Gabito el niño que soño a Macondo , es un maravilloso recorrido por la niñez del Nobel colombiano en Aracara. Su hermana Aida Rosa, es una prosa sobria y entrañable, nos introduce en el mundo donde se creò Macondo. El lector encontrarà las claves para saber la procedencia de Remedios la Bella, del coronel Aureliano Buendìa y otros personajes que sirvieron de inspiraciòn para esa gran novela de todos los tiempos: Cien años de soledad. Existen muchos libros sobre Garcìa Marquez, pero ninguno que nos acerque con tanta veracidad y pasiòn al niñp que fue mago, director de teatro, guionista de pelìculas, dibujante, cantante de boleros y luego al escritor que fabulò nuestras raìces como ningùn otro.  aLiteratura